La nueva élite: la transición evolutiva de la sociedad chilena

Збережено в:
Бібліографічні деталі
Автори: Fernández Koprich, Daniel (Автор), Reyes Arellano, Pablo (Автор)
Формат: Книга
Мова:Іспанська
Опубліковано: Santiago Catalonia 2014
Редагування:1a. ed
Предмети:
Теги: Додати тег
Немає тегів, Будьте першим, хто поставить тег для цього запису!

MARC

LEADER 00000cam a2200000 a 4500
001 UCD0125
003 CL-VaPUC
008 151120e20140000cl |||||||||||||||||spa|d
020 |a 9789563243543 
082 0 4 |a 305.50983  |b FER  |2 21 
100 0 |a Fernández Koprich, Daniel  |e author  |9 583132 
700 0 |a Reyes Arellano, Pablo  |e author  |9 583133 
245 1 3 |a La nueva élite: la transición evolutiva de la sociedad chilena 
250 |a 1a. ed 
300 |a 219 p 
942 |c BK 
945 |d 20151120 13:39:00  |a dcastane 
260 |a Santiago  |b Catalonia  |c 2014 
650 0 |a Política y gobierno  |9 255151 
650 0 |a Condiciones económicas  |9 258255 
650 0 |a Condiciones sociales   |9 257278 
650 7 |a ELITE  |2 CL-VaPUC  |9 374366 
583 |a last modification  |c 20151120 13:39:00  |k Rodrigo Vera 
999 |c 361746  |d 361744 
952 |0 0  |1 0  |3 erb  |4 0  |6 305_509830000000000_FER_2014  |7 0  |8 A  |9 472393  |a BIBHIS  |b BIBHIS  |i 525034K  |o 305.50983 FER 2014  |p 525034K  |r 2025-01-20  |w 2019-11-24  |y BK  |z Catalogado en:20151120  |k HIS